Word Ladder: No Supurrvision Quiz Stats

 Plays Quiz Updated Oct 4, 2017

Challenge
Share
Tweet
Embed
Score 0/32 Timer 03:00
4 Plays Today
Clue 4-Letter Word % Correct
🐭 Blind nursery rhyme rodents 🐭😾MICE😾
98.4%
1760 yardsMILE
97.6%
Place to grind grainMILL
96.5%
Now and ____THEN
95%
🐭 Ferrell or Rogers 🐭😾WILL😾
93.7%
Between child and adultTEEN
92%
Golf ball holdersTEES
89.2%
1/100th of a dollarCENT
89.1%
🐭 Dramatic story on stage 🐭😾PLAY😾
88.7%
To talk informallyCHAT
88.3%
MailedSENT
87.7%
Walking stickCANE
87.6%
🐭 1920s slang: The _____ meow 🐭😾CAT'S😾
86.9%
Chair or pew, e.g.SEAT
85.8%
Blanchett of 'Elizabeth'CATE
85.4%
🐭 Opposite of home game 🐭😾AWAY😾
84.5%
Clue 4-Letter Word % Correct
Bat at an insectSWAT
84.4%
Skin care product companyOLAY
84.1%
Rock back and forth gentlySWAY
83.4%
Asian-American detective CharlieCHAN
81.4%
Strategic outlinePLAN
80.7%
Cunning and shrewdWILY
79.2%
Lean to one sideCANT
79.2%
Feeling greasyOILY
79%
The ____ of the Cave BearCLAN
76.8%
🐭 Adverb for time, date 🐭😾WHEN😾
74.8%
Shoe brand, or singer MursOLLY
74.1%
Pronoun for a thingWHAT
70.2%
To induce thirst, appetiteWHET
70%
Elliot of the Mamas & the PapasCASS
68.9%
Hardy's '___ of the d'Urbervilles'TESS
68.8%
Tax, in IrelandCESS
60.8%

Today's Daily Dose

Word Ladder
Aquatic Life

On This Day
August 21st II

You're not logged in!

Compare scores with friends on all Sporcle quizzes.
Join for Free
OR
Log In

You Might Also Like...

Show Comments

Extras

Top Quizzes Today


Score Distribution

Your Account Isn't Verified!

In order to create a playlist on Sporcle, you need to verify the email address you used during registration. Go to your Sporcle Settings to finish the process.

Report this User

Report this user for behavior that violates our Community Guidelines.

Details: